000 00713nam a2200241 a 4500
999 _c45
_d45
003 UPN
005 20241130063748.0
008 991125s1963 mx 000 0 spa u
035 _aUPN01000000045
040 _aUPN
_bspa
_cUPN
049 _aSEP
050 4 _aLB2822.5
_bE6.4 1932
100 1 _aEspinosa, Felipe de J.
245 1 0 _a12 Lecciones sobre organización escolar :
_bcurso por correspondencia /
_cFelipe de J. Espinosa.
260 _aMéxico :
_bSEP,
_c1963.
300 _a57 p.
500 _a"Ediciones de El maestro rural"
506 _aDisponible en la Colección Medina
650 4 _aEducación a distancia
_97924
650 4 _aOrganización escolar
_94178
905 _aLibro
942 _2lcc
_cLIBRO